=LDR 00000nam 2200000 4500 =001 INLIS000000000809905 =008 ###################################ind## =035 ##$$a 0010-0925000030 =245 ##$$a Hadits Arba’In An-Nawawi / $c Al-Imam An-Nawawi =260 ##$$b Darul Haq =084 ##$$a 297.124 ALI